000 01213nam a22002537a 4500
005 20210325204533.0
008 s2553 th tha d
020 _a9786167158044
041 _atha
050 _aPN 86 อ945น 2553
100 0 _aแอนเดอร์สัน, เบเนดิกท์
245 1 0 _aในกระจก : วรรณกรรมและการเมืองสยามยุคอเมริกัน
260 3 _aกรุงเทพฯ :
_bอ่าน,
_c2553
300 _a373 หน้า :
_b ภาพประกอบ ;
_c 21 ซม.
650 0 4 _aนักประพันธ์ -- ไทย -- ชีวประวัติ
650 0 4 _aเรื่องสั้น
650 0 4 _aเรื่องสั้นไทย -- ประวัติและวิจารณ์
650 0 4 _aวรรณกรรมไทย -- ประวัติและวิจารณ์
850 _aNALT
942 _cGB
_01
997 _a37102 ฉ.1 /37103 ฉ.2
997 _c000000000061119
998 _aนางสาวชัชฎา จูฑะรักษ์
999 _c61119
_d61119